000 00670nam a2200241Ia 4500
003 OSt
005 20221007080538.0
006 a|||||r|||| 00| 0
007 ta
008 221006b |||||||| |||| 00| 0 eng d
024 _a12,767
037 _cTextual
040 _aFLL
_cFLL
_beng
041 _2eng
_aeng
082 _aV44Q7:19(D7),B7, L9
100 _aPalit D.K.
245 0 _aPakistan's Islamic bomb
260 _aNew Delhi
_bVikas Publishing House Pvt Ltd. India
_c1979
300 _a150p
_ccm.
700 _a Namboodiri P.K.S.
942 _hV44Q7:19(D7),B7, L9
_cTEXL
_2CC
999 _c1160049
_d1160049